[Event "Sao Paulo ECP op 6th"]
[Site "Sao Paulo"]
[Date "2015.10.23"]
[Round "1"]
[White "Rouanet, Luiz Paulo"]
[Black "Da Silva, Pedro Vieira Prado"]
[Result "1/2-1/2"]
[WhiteElo "2025"]
[BlackElo "1538"]
[PlyCount "32"]
[EventDate "2015.10.23"]
[EventType "swiss"]
[EventRounds "6"]
[EventCountry "BRA"]
[SourceTitle "CBM 169 Extra"]
[Source "ChessBase"]
[SourceDate "2015.12.18"]
[SourceVersion "1"]
[SourceVersionDate "2015.12.18"]
[SourceQuality "1"]

1. d4 Nf6 2. Bf4 g6 3. h3 Bg7 4. e3 0-0 5. Be2 d6 6. Nf3 c5 7. c3 b6 8. 0-0 Bb7 9. Nbd2 Nbd7 10. Rc1 Rc8 11. Bh2 Qc7 12. dxc5 Nxc5 13. Nb3 Nfd7 14. Nxc5 Nxc5 15. Nd4 a6 16. Bf3 Bxf3 1/2-1/2

[Event "Sao Paulo Hebraica op 20th"]
[Site "Sao Paulo"]
[Date "2015.06.06"]
[Round "6"]
[White "Da Silva, Pedro Vieira Prado"]
[Black "Lima, Aine Carolina"]
[Result "1-0"]
[WhiteElo "1512"]
[BlackElo "1646"]
[PlyCount "141"]
[EventDate "2015.06.04"]
[EventType "swiss"]
[EventRounds "6"]
[EventCountry "BRA"]
[SourceTitle "CBM 166 Extra"]
[Source "ChessBase"]
[SourceDate "2015.06.18"]
[SourceVersion "1"]
[SourceVersionDate "2015.06.18"]
[SourceQuality "1"]

1. d4 d5 2. c4 e6 3. Nc3 Nf6 4. Bg5 Be7 5. Nf3 0-0 6. e3 Nc6 7. Be2 dxc4 8. Bxc4 a6 9. Rc1 b5 10. Bd3 Bb7 11. 0-0 Qd6 12. e4 e5 13. d5 Na7 14. Nh4 g6 15. Nf3 Rad8 16. Qd2 c6 17. Bxf6 Bxf6 18. Qe3 Nc8 19. Bc2 cxd5 20. exd5 Bxd5 21. Nxd5 Qxd5 22. Bb3 Qd3 23. Rxc8 Qxe3 24. Bxf7+ Kxf7 25. Rc7+ Kg8 26. fxe3 Rd6 27. e4 Bd8 28. Rb7 Bf6 29. Rc1 Rf7 30. Rc8+ Kg7 31. Rcc7 Rxc7 32. Rxc7+ Kg8 33. Kf2 h6 34. Ke2 Kh8 35. Rc5 Re6 36. Ne1 Be7 37. Rc8+ Kg7 38. Nc2 Kf6 39. Ne3 Kf7 40. Rc7 Kf8 41. Rc8+ Kf7 42. Rc7 Kf8 43. Nd5 Bd6 44. Rc6 a5 45. a3 Kf7 46. Rb6 b4 47. axb4 axb4 48. Rb7+ Kf8 49. Rb6 Kf7 50. Rb7+ Kf8 51. Nxb4 Bxb4 52. Rxb4 Rc6 53. Kd3 Kf7 54. Rc4 Rb6 55. b4 Rd6+ 56. Kc3 Rb6 57. Rc5 Ke6 58. Kc4 Kd6 59. b5 g5 60. Rd5+ Ke6 61. Kc5 Rb7 62. Kc6 Rb8 63. Kc7 Rh8 64. b6 Kf6 65. b7 Kg6 66. b8Q Kh5 67. Qxh8 Kg4 68. Qxh6 Kf4 69. Qg6 Ke3 70. Qxg5+ Kxe4 71. Qxe5# 1-0

[Event "Sao Paulo Hebraica op 20th"]
[Site "Sao Paulo"]
[Date "2015.06.04"]
[Round "2"]
[White "Da Cruz, Rodrigo Oliveira"]
[Black "Da Silva, Pedro Vieira Prado"]
[Result "1-0"]
[WhiteElo "1777"]
[BlackElo "1512"]
[PlyCount "74"]
[EventDate "2015.06.04"]
[EventType "swiss"]
[EventRounds "6"]
[EventCountry "BRA"]
[SourceTitle "CBM 166 Extra"]
[Source "ChessBase"]
[SourceDate "2015.06.18"]
[SourceVersion "1"]
[SourceVersionDate "2015.06.18"]
[SourceQuality "1"]

1. e4 e6 2. d4 d5 3. Nd2 dxe4 4. Nxe4 Nd7 5. Nf3 Ngf6 6. Nxf6+ Nxf6 7. Bd3 c5 8. 0-0 Be7 9. Bg5 0-0 10. c3 Nd7 11. Bf4 b6 12. Be4 Rb8 13. Bxb8 Nxb8 14. Qc2 h6 15. Rad1 Qc7 16. Ne5 cxd4 17. cxd4 Qxc2 18. Bxc2 f6 19. Ng6 Rf7 20. Bb3 Kh7 21. Nf4 Bb4 22. a3 Bd6 23. Nxe6 Bxe6 24. Bxe6 Re7 25. d5 Nd7 26. Rfe1 Nc5 27. b4 Nxe6 28. dxe6 Be5 29. f4 Bxf4 30. Rd7 Re8 31. e7 Be5 32. Rxa7 b5 33. Rd1 Kg8 34. Rd8 Kf7 35. Rxe8 Kxe8 36. Rb7 Bb2 37. Rxb5 Bxa3 1-0

[Event "Sao Paulo Hebraica op 20th"]
[Site "Sao Paulo"]
[Date "2015.06.04"]
[Round "1"]
[White "Da Silva, Pedro Vieira Prado"]
[Black "Da Silva Junior, Sediney Mari"]
[Result "0-1"]
[WhiteElo "1512"]
[BlackElo "1997"]
[PlyCount "36"]
[EventDate "2015.06.04"]
[EventType "swiss"]
[EventRounds "6"]
[EventCountry "BRA"]
[SourceTitle "CBM 166 Extra"]
[Source "ChessBase"]
[SourceDate "2015.06.18"]
[SourceVersion "1"]
[SourceVersionDate "2015.06.18"]
[SourceQuality "1"]

1. d4 f5 2. c4 Nf6 3. Nc3 d6 4. g3 c6 5. Bg2 Qc7 6. d5 e5 7. dxe6 Bxe6 8. Qd3 Nbd7 9. Bf4 Ne5 10. Bxe5 dxe5 11. e4 Rd8 12. Qe2 Bb4 13. Nh3 Bxc3+ 14. bxc3 fxe4 15. 0-0 h6 16. Rad1 0-0 17. Kh1 Rxd1 18. Rxd1 Bg4 0-1

[Event "BRA-ch Amateur"]
[Site "Sao Paulo"]
[Date "2015.04.02"]
[Round "5"]
[White "Da Silva, Pedro Vieira Prado"]
[Black "Pinto, Ana Vitoria de Jesu"]
[Result "1/2-1/2"]
[WhiteElo "1489"]
[BlackElo "1644"]
[PlyCount "65"]
[EventDate "2015.04.30"]
[EventType "swiss"]
[EventRounds "7"]
[EventCountry "BRA"]
[SourceTitle "EXT 2022"]
[Source "ChessBase"]
[SourceDate "2021.10.06"]
[SourceVersion "1"]
[SourceVersionDate "2021.10.06"]
[SourceQuality "1"]

1. d4 Nf6 2. c4 e6 3. Nc3 d5 4. Nf3 c5 5. cxd5 exd5 6. Bg5 Be6 7. e3 c4 8. Ne5 Be7 9. Qc2 Nbd7 10. Nxd7 Qxd7 11. Be2 Rc8 12. a4 0-0 13. 0-0 a6 14. a5 h6 15. Bxf6 Bxf6 16. Na4 Qd6 17. Bf3 Bd8 18. Qc3 Re8 19. Nc5 Qc6 20. Ra4 Be7 21. Rxc4 Qb5 22. Rb4 Qxa5 23. Rxb7 Qxc3 24. bxc3 Bxc5 25. dxc5 Rxc5 26. Rc1 Rec8 27. Be2 a5 28. Ra7 Rxc3 29. Rxc3 Rxc3 30. Rxa5 Kf8 31. g3 Ke7 32. Kg2 Rc2 33. Bf3 1/2-1/2

[Event "BRA-ch Amateur"]
[Site "Sao Paulo"]
[Date "2015.04.01"]
[Round "2"]
[White "Crul, Otavio Augusto Barr"]
[Black "Da Silva, Pedro Vieira Prado"]
[Result "1-0"]
[WhiteElo "1623"]
[BlackElo "1489"]
[PlyCount "55"]
[EventDate "2015.04.30"]
[EventType "swiss"]
[EventRounds "7"]
[EventCountry "BRA"]
[SourceTitle "EXT 2022"]
[Source "ChessBase"]
[SourceDate "2021.10.06"]
[SourceVersion "1"]
[SourceVersionDate "2021.10.06"]
[SourceQuality "1"]

1. d4 Nf6 2. c4 e6 3. Nf3 Bb4+ 4. Bd2 Qe7 5. Nc3 c5 6. e3 0-0 7. Bd3 Nc6 8. 0-0 d5 9. cxd5 exd5 10. a3 Bxc3 11. Bxc3 c4 12. Bc2 a5 13. h3 b5 14. Re1 Ne4 15. Bxe4 Qxe4 16. Ne5 Nxe5 17. dxe5 Ra6 18. f3 Qh4 19. Qxd5 Bxh3 20. Re2 Qg5 21. g4 h5 22. Qe4 hxg4 23. Rh2 gxf3+ 24. Kf2 Bf5 25. Qxf3 Rh6 26. Rxh6 gxh6 27. Rg1 Bg4 28. Rxg4 1-0